000 00270nam a22001217a 4500
082 _a823
_bDAS/P
100 _aDAS, MANOJ
245 _aPET IN THE HOUSE AND OTHER STORIES
260 _aBOMBAY
_bOXFORD
_c1992
300 _a84
650 _aENGLISH STORY
_zINDIA
942 _cBK
999 _c7387
_d7387